| 000 | 00547nam a2200193 a 4500 | ||
|---|---|---|---|
| 005 | 20140310183143.0 | ||
| 008 | 020822s19uu xx 00 eng d | ||
| 020 | _a9814096156 | ||
| 050 |
_aQA 76.76.O63 _b.St782 2001 |
||
| 100 | _aStallings, William | ||
| 245 |
_aOperating systems / _cWilliam Stallings. |
||
| 250 | _a4th ed. | ||
| 260 |
_aMexico : _bPrentice Hall International Inc., _c2001. |
||
| 300 |
_a779 p. : _bill. ; _c26 cm. |
||
| 521 | _aIT | ||
| 650 | _aOperating systems ( computers ) | ||
| 942 |
_cBK _2lcc _kFOR |
||
| 999 |
_c19465 _d19465 |
||